Manual de historia universal (Record no. 148622)

MARC details
000 -LEADER
campo de control de longitud fija 00607nam a2200193 i 4500
001 - NÚMERO DE CONTROL
campo de control 148622
003 - IDENTIFICADOR DE NÚMERO DE CONTROL
campo de control ES-MaACL
005 - FECHA Y HORA DE LA ÚLTIMA TRANSACCIÓN
campo de control 20250815001141.0
007 - CAMPO FIJO DE DESCRIPCIÓN FÍSICA--INFORMACIÓN GENERAL
campo de control de longitud fija t|
008 - DATOS DE LONGITUD FIJA--INFORMACIÓN GENERAL
campo de control de longitud fija 070214s1972 sp r ||||1| spa d
100 1# - ENTRADA PRINCIPAL--NOMBRE DE PERSONA
Nombre de persona Suárez Fernández, Luis,
Fechas asociadas al nombre 1924-2024
9 (RLIN) 240112
245 10 - MENCIÓN DEL TÍTULO
Título Manual de historia universal
Resto del título : Edad Media /
Mención de responsabilidad, etc. Luis Suárez Fernández.
250 ## - MENCION DE EDICION
Mención de edición 2ª. ed. muy ampliada.
260 ## - PUBLICACIÓN, DISTRIBUCIÓN, ETC.
Lugar de publicación, distribución, etc. Madrid :
Nombre del editor, distribuidor, etc. Espasa Calpe,
Fecha de publicación, distribución, etc. 1972.
300 ## - DESCRIPCIÓN FÍSICA
Extensión 852 p. :
Otras características físicas il. ;
Dimensiones 25 cm.
650 #7 - PUNTO DE ACCESO ADICIONAL DE MATERIA--TÉRMINO DE MATERIA
Término de materia o nombre geográfico como elemento de entrada Historia medieval
Fuente del encabezamiento o término embne
9 (RLIN) 13411
852 ## - LOCALIZACIÓN
Ubicación ES-MaACL
Número de control de estantería C-48226
Sublocalización o colección R.84901
Holdings
Estatus retirado Estado de pérdida Estado de daño No para préstamo Biblioteca de origen Biblioteca actual Ubicación en estantería Fecha de adquisición Fuente de adquisición Total de préstamos Signatura topográfica completa Código de barras Visto por última vez Precio de reemplazo Tipo de ítem Koha
        Biblioteca del Ateneo de Madrid Biblioteca del Ateneo de Madrid Depósito 2 17/01/2008     C-48226 1155096 23/02/2023 23/02/2023 Libro impreso